| 000 | 00659 a2200217 4500 | ||
|---|---|---|---|
| 999 |
_c9510 _d9510 |
||
| 020 | _a070211359 | ||
| 020 | _a0702113603 | ||
| 050 | 0 | 0 | _aKTL920 GIB 1983 |
| 100 | 1 |
_aGibson, James Thomas Riley. _eauthor |
|
| 245 | 1 | 0 |
_aSouth African mercantile and company law / _cby J.T.R. Gibson ; assisted by R.G. Comrie. |
| 250 | _a5th ed. | ||
| 264 |
_aCape Town : _bJuta & Co., _c1983. |
||
| 300 | _axl, 668 p. ; | ||
| 500 | _aIncludes index | ||
| 504 | _aIncludes bibliographical references | ||
| 650 | 0 | _aCommercial law | |
| 650 | 0 | _aCorporation law | |
| 700 | 1 |
_aComrie, R. G. _eauthor |
|
| 942 |
_2lcc _cBK _e5th ed. _h920 _iGIB _kKTL |
||